Devine les 10 buteurs en vidéo du PSG - Statistiques

Statistiques générales
  • Ce quiz a été pris 79 fois
  • Le résultat moyen est 4 sur 10
Statistiques - réponses
Vidéo Réponse % Correct
Neymar
94%
Thiago Silva
66%
Ronaldinho
61%
Nenê
56%
Thomas Meunier
35%
Rai
24%
Bruno Ngotty
15%
Jérôme Leroy
15%
Pablo Sarabia
10%
Francis Llacer
4%
Aucun quiz correspondant
Distribution des résultats
% des personnes avec chaque résultat
Percentile par nombre de réponses
Votre historique - résultats
Vous n’avez pas pris ce quiz